Państwa z największą liczbą użytkowników wybranych języków - Statystyki

Ogólne statystyki
  • Ten quiz został rozwiązany 94 razy
  • Średni wynik to 17 z 24
Statystyki odpowiedzi
Język Państwo % Poprawnych
Francuski Francja
100%
Hindi Indie
100%
Angielski Stany Zjednoczone
100%
Duński Dania
99%
Portugalski Brazylia
97%
Hebrajski Izrael
96%
Hiszpański Meksyk
93%
Holenderski Holandia
91%
Perski Iran
86%
Romski Rumunia
83%
Baskijski Hiszpania
81%
Arabski Egipt
77%
Tatarski Rosja
74%
Kurdyjski Turcja
73%
Bengalski Bangladesz
72%
Jawajski Indonezja
61%
Zulu Republika Południowej Afryki
60%
Khmerski Kambodża
59%
Maoryski Nowa Zelandia
57%
Pendżabski Pakistan
51%
Igbo Nigeria
42%
Romansz Szwajcaria
33%
Tagalski Filipiny
24%
Syngaleski Sri Lanka
19%
Nie znaleziono quizów pasujących do podanych kryteriów
Rozkład punktacji
Procent ludzi z każdym wynikiem
Percentyl według liczby udzielonych odpowiedzi
Twoja historia wyników
Nie rozwiązałeś tego quizu